000 00296nam a2200133Ia 4500
008 230724s1999 xx und d
020 _a0960167897
041 _aeng
082 _a720.92
100 _aHARPNESS S.P.
245 _aSUNDANCING
260 _bMIR PUBLISHERS
_c1999
300 _a208
999 _c1171188
_d1171188